000 01332namaa22003251i 4500
005 20260623103253.0
008 260510s1995 ua a|||frm||| 000 0 eng d
040 _aEG-GICUC
_beng
_cEG-GICUC
_dEG-GICUC
_erda
041 0 _aeng
_beng
_bara
049 _aDeposit
097 _aM.Sc
099 _aCai01.07.13.M.Sc.1995.Eh.S.
100 0 _aEhab Abbas EL-Baz,
_epreparation.
245 1 0 _aScreening Of local Peach Rootstocks Tolerant To Salinity /
_cBy Ehab Abbas EL-Baz; Approved By Prof.Dr. Mohamd Fayek, Prof.Dr. Hussien T. Mehana, Prof.Dr. Naguib S. Guirguis.
246 1 5 _aانتخاب اصول الخوخ المحلية التى تتحمل الملوحه
264 0 _c1995.
300 _a118 Leaves :
_billustrations ;
_c30 cm. +
336 _2rda content
_atext
337 _2rdamedia
_aUnmediated
338 _2rdacarrier
_avolume
502 _aThesis (M.Sc.) -Cairo University, 1995.
504 _aBibliography: pages 99-118.
653 0 _aPomology
700 _aMohamd Fayek
_ethesis advisor.
700 _aHussien T. Mehana
_ethesis advisor.
700 _aNaguib S. Guirguis
_ethesis advisor.
900 _DDepartment of Pomology
_FFaculty of Agriculture
_UCairo University
_b1995
_cMohamd Fayek
_cHussien T. Mehana
_cNaguib S. Guirguis
905 _aEman El gebaly
_eNourhan
942 _2ddc
_cTH
_e21
_n0
999 _c180044